Statystyki dla NAJPOPULARNIEJSZE WALKI (PL FREESTYLE)

Kliknij tutaj aby rozwiązać quiz!

Ogólne statystyki

  • Ten quiz został rozwiązany 207 razy
  • Średni wynik to 6 z 10

Statystyki odpowiedzi

#OdpowiedźBitwaviews% Poprawnych
2Edzio vs FilipekWBW 20142,2mln
92%
5Filipek vs KoroBitwa o Kostrzyn 20191,1mln
83%
6Filipek vs BoberKrólowie Mikrofonu 20181,1mln
64%
1Filipek vs MilanBitwa o Ząbkowską2,5mln
64%
8Ryba vs FilipekBitwa o Południe 2018950k
53%
3Bober Filipek vs Piere DolceWBW 2019 2v21,2mln
52%
9Filipek vs CzeskiBitwa o Pitos 2940k
48%
10Bober vs SzydercaWBW 2016920k
45%
4Filipek vs OsetWBW 20141,1mln
41%
7Filipek vs QuebonafideWBW 20131mln
26%

Rozkład punktacji

Percentyl według liczby udzielonych odpowiedzi

Procent ludzi z każdym wynikiem

Twoja historia wyników

Nie rozwiązałeś tego quizu